000 00751nam a22002297a 4500
005 20130710122529.0
010 _aENG-104891
020 _a9788120345331
_c225.00
035 _aEN-88424
035 _aB-491862
037 _bDBAD/PUB
037 _bJanvani Prakashan/Ven
_adpl
082 _a627
100 _aSarbjit Singh
245 _aExperiments in hydraulic engineering /
_cby Sarbjit Singh
260 _aNew Delhi
_bPHI Learning
_c2012
270 _aM-97, Connaught Circus
_bNew Delhi
_e110001
300 _avii,143p. :
_c28cm(pbk)
_bill.
650 _aHydraulic engineering
942 _2ddc
_cEN
_h627
_mSAR
999 _c64404
_d64404